000 00438nam a2200181Ia 4500
003 0STCL
008 150530s9999 xx 000 0 und d
040 _aSTCL
_cSTCL
100 _aVedabandhu
245 _aBharatheeya Kaavya Sasthrasaram
250 _a1
260 _bSahithya Pravarthaka Co Operative Society ; Kottay
_c1976
300 _a0
546 _aMalayalam
942 _2ddc
_cBK
999 _c80160
_d80160
005 20220125171734.0